000 00677nam a2200217 4500
001 111191
003 ES-MaACL
005 20230906185247.0
007 t|
008 061121s1978 sp r ||||1| spa d
100 1 _aNeedham, Joseph.
_985277
245 1 0 _aCiencia, religión y socialismo /
_cJoseph Needham; introducción de Gary Werskey; traducción de Doménec Bergada.
260 _aBarcelona :
_bCrítica,
_c1978.
300 _a414 p. ;
_c20 cm.
490 1 _aEstudios y ensayos
700 1 _aWerskey, Gary.
_9116514
700 1 _aBergadá, Doménec.
_927918
830 0 _aEstudios y ensayos
_9181863
852 _aES-MaACL
_jA-9828
_bR.98408
999 _c111191
_d111191